Night of the Ninjas / (Record no. 1052)

MARC details
000 -LEADER
fixed length control field 01127pam a2200325 a 4500
005 - DATE AND TIME OF LATEST TRANSACTION
control field 20230815140717.0
020 ## - INTERNATIONAL STANDARD BOOK NUMBER
International Standard Book Number 0679863710 (trade) : $2.99
020 ## - INTERNATIONAL STANDARD BOOK NUMBER
International Standard Book Number 0679963715 (lib. bdg.) :
Terms of availability $9.99
040 ## - CATALOGING SOURCE
Original cataloging agency DLC
Transcribing agency DLC
Modifying agency DLC
Language of cataloging eng
050 00 - LIBRARY OF CONGRESS CALL NUMBER
Classification number PZ7.O81167
Item number Ni 1995
082 00 - DEWEY DECIMAL CLASSIFICATION NUMBER
Classification number [Fic]
Edition number 20
100 1# - MAIN ENTRY--PERSONAL NAME
Personal name Osborne, Mary Pope
245 10 - TITLE STATEMENT
Title Night of the Ninjas /
Statement of responsibility, etc. by Mary Pope Osborne ; illustrated by Sal Murdocca.
260 ## - PUBLICATION, DISTRIBUTION, ETC.
Place of publication, distribution, etc. New York :
Name of publisher, distributor, etc. Random House,
Date of publication, distribution, etc. 1995.
300 ## - PHYSICAL DESCRIPTION
Extent 68 pages :
Other physical details illustrations ;
Dimensions 20 cm
490 1# - SERIES STATEMENT
Series statement The Magic tree house series ;
Volume/sequential designation Book 5
500 ## - GENERAL NOTE
General note "A First stepping stone book."
505 ## - FORMATTED CONTENTS NOTE
Formatted contents note J <br/>
520 ## - SUMMARY, ETC.
Summary, etc. The magic tree house takes Jack and Annie back in time to feudal Japan where the siblings learn about the ways of the Ninja.
521 0# - TARGET AUDIENCE NOTE
Target audience note 490 <br/>
Source Lexile <br/>
521 0# - TARGET AUDIENCE NOTE
Target audience note J <br/>
Source Raz-Plus <br/>
650 #1 - SUBJECT ADDED ENTRY--TOPICAL TERM
Topical term or geographic name entry element Time travel
General subdivision Fiction.
650 #1 - SUBJECT ADDED ENTRY--TOPICAL TERM
Topical term or geographic name entry element Magic
General subdivision Fiction.
650 #1 - SUBJECT ADDED ENTRY--TOPICAL TERM
Topical term or geographic name entry element Ninja
General subdivision Fiction.
700 1# - ADDED ENTRY--PERSONAL NAME
Personal name Murdocca, Sal
Relator term illustrator
906 ## - LOCAL DATA ELEMENT F, LDF (RLIN)
a 7
b cbc
c orignew
d 1
e ocip
f 19
g y-gencatlg
942 ## - ADDED ENTRY ELEMENTS (KOHA)
Source of classification or shelving scheme Dewey Decimal Classification
Koha item type Books
Suppress in OPAC No
999 ## -
-- 1052
-- 1052
Holdings
Withdrawn status Lost status Source of classification or shelving scheme Damaged status Not for loan Collection Home library Current library Shelving location Date acquired Total Checkouts Full call number Barcode Date last seen Date last checked out Price effective from Koha item type
    Dewey Decimal Classification     Juvenile Fiction Footprints International School Library Network Toul Kork Campus Footprints International School Library Network Toul Kork Campus TK Primary Library Room(4th Floor), Bookcase 1&2, Shelves 1-16, Dark Blue Books 07/19/2023 9 OSB Fic PZ7.O81167 FISBK00593 04/09/2025 04/02/2025 07/19/2023 Books